LEADER 01070cam0 2200265 450 001 E600200068394 005 20101105072900.0 100 $a20101105d1970 |||||ita|0103 ba 101 $aita 102 $aIT 200 1 $a<<" >>Syndicus" sulla questione della rappresentanza processuale dei "collegia" e dei "municipia"$fFrancesco De Robertis 210 $aRoma$cPontificia Universitas Lateranensis$d[1970?] 215 $aP. 305-340$d24 cm 300 $a(mm) 300 $aEstr. da: Studia et documenta historiae et iuris, 36. (1970) 700 1$aDe Robertis$b, Francesco M.$3A600200054483$4070$0187089 801 0$aIT$bUNISOB$c20101105$gRICA 850 $aUNISOB 852 $aUNISOB$jFondo|Casavola|Opusc$m150425 912 $aE600200068394 940 $aM 102 Monografia moderna SBN 941 $aM 957 $b1194$gSi$d150425$hCasavola$rdono$1menle$2UNISOB$3UNISOB$420101105072902.0$520101105072939.0$6menle$aFondo|Casavola|Opusc 996 $aSyndicus" sulla questione della rappresentanza processuale dei "collegia" e dei "municipia"$91699977 997 $aUNISOB LEADER 02633nam 2200589 450 001 9910798041003321 005 20230807205901.0 010 $a0-8179-1908-2 010 $a0-8179-1906-6 035 $a(CKB)3710000000569794 035 $a(EBL)4306727 035 $a(SSID)ssj0001591644 035 $a(PQKBManifestationID)16287532 035 $a(PQKBTitleCode)TC0001591644 035 $a(PQKBWorkID)14808644 035 $a(PQKB)11067079 035 $a(MiAaPQ)EBC4306727 035 $a(EXLCZ)993710000000569794 100 $a20151008h20152015 uy| 0 101 0 $aeng 135 $aur|n|---||||| 181 $ctxt 182 $cc 183 $acr 200 10$aInequality and economic policy $eessays in honor of Gary Becker /$fedited by Tom Church, Chris Miller, John B. Taylor ; contributing authors, John H. Cochrane [and ten others] 210 1$aStanford, California :$cHoover Institution Press,$d[2015] 210 4$dİ2015 215 $a1 online resource (234 p.) 225 1 $aHoover Institution Press publication ;$vnumber 664 300 $aProceedings of the Conference on Inequality in Memory of Gary Becker held September 25-26, 2014 at the Hoover Institution. 300 $aIncludes index. 311 $a0-8179-1904-X 327 $aBackground facts / James Piereson -- The broad-based rise in return to top talent / Joshua D. Rauh -- The economic determinants of top income inequality / Charles I. Jones -- Intergenerational mobility and income inequality / Jo?rg L. Spenkuch -- The effects of redistribution policies on growth and unemployment / Casey B. Mulligan -- Income and wealth in America / Kevin M. Murphy and Emmanuel Saez -- Conclusions and solutions / John H. Cochrane, Lee E. Ohanian, and George P. Shultz -- Remembering Gary Becker / Edward P. Lazear and George P. Shultz. 410 0$aHoover Institution Press publication ;$v664. 606 $aIncome distribution$zUnited States$vCongresses 606 $aEquality$xEconomic aspects$zUnited States$vCongresses 607 $aUnited States$xEconomic policy$vCongresses 615 0$aIncome distribution 615 0$aEquality$xEconomic aspects 676 $a339.20973 702 $aChurch$b Tom$c(Research fellow), 702 $aMiller$b Chris$c(Research fellow), 702 $aTaylor$b John B. 702 $aBecker$b Gary S$g(Gary Stanley),$f1930-2014, 712 12$aConference on Inequality in Memory of Gary Becker 801 0$bMiAaPQ 801 1$bMiAaPQ 801 2$bMiAaPQ 906 $aBOOK 912 $a9910798041003321 996 $aInequality and economic policy$93751940 997 $aUNINA